书目信息 |
| 题名: |
远山
|
|
| 作者: | 熊莺 著 | |
| 分册: | ||
| 出版信息: | 西安 陕西师范大学出版总社 2016 |
|
| 页数: | 217页 | |
| 开本: | 24cm | |
| 丛书名: | ||
| 单 册: | ||
| 中图分类: | I253.7 | |
| 科图分类: | ||
| 主题词: | 纪实文学--中国--当代 | |
| 电子资源: | ||
| ISBN: | 978-7-5613-8722-1 | |
| 000 | 00832nam0 2200217 450 | |
| 001 | 3394 | |
| 005 | 20180527153829.43 | |
| 010 | @a978-7-5613-8722-1@dCNY38.00 | |
| 100 | @a20170215d2016 em y0chiy50 ea | |
| 101 | 0 | @achi |
| 102 | @aCN@b610000 | |
| 105 | @aa z 000zy | |
| 200 | 1 | @a远山@9yuan shan@f熊莺著 |
| 210 | @a西安@c陕西师范大学出版总社@d2016 | |
| 215 | @a217页@c图@d24cm | |
| 330 | @a本书作者花了一年多的时间,背负行囊乘火车、坐汽车、自驾车,也搭乘山里人的摩托车,踏访川陕交界的四川境内的秦巴山区,没旅店的地方,住村长家、小学老师家和留守儿童家,采集山区农村家庭资料,思考“中国农村劳动力转移”命题,试图回答:那些人去哪里了?他们为何要离开自己的村庄……。 | |
| 606 | 0 | @a纪实文学@y中国@z当代 |
| 690 | @aI253.7@v5 | |
| 701 | 0 | @a熊莺@9xiong ying@4著 |
| 801 | 0 | @aCN@b91MARC@c20170215 |
| 905 | @aMuseLib@dI253.7@e1025 | |
| 远山/熊莺著.-西安:陕西师范大学出版总社,2016 |
| 217页:图;24cm |
| ISBN 978-7-5613-8722-1:CNY38.00 |
| 本书作者花了一年多的时间,背负行囊乘火车、坐汽车、自驾车,也搭乘山里人的摩托车,踏访川陕交界的四川境内的秦巴山区,没旅店的地方,住村长家、小学老师家和留守儿童家,采集山区农村家庭资料,思考“中国农村劳动力转移”命题,试图回答:那些人去哪里了?他们为何要离开自己的村庄……。 |
| ● |
| 相关链接 |
|
|
|
|
正题名:远山
索取号:I253.7/1025
 
预约/预借
| 序号 | 登录号 | 条形码 | 馆藏地/架位号 | 状态 | 备注 |
| 1 | 1109028 | 211090282 | 第一样本阅览室/ [索取号:I253.7/1025] | 在馆 | |
| 2 | 1109029 | 211090291 | 教育系资料室/ [索取号:I253.7/1025] | 在馆 | |
| 3 | 1109030 | 211090308 | 教育系资料室/ [索取号:I253.7/1025] | 在馆 | |
| 4 | 1109031 | 211090317 | 第二借阅区/ [索取号:I253.7/1025] | 在馆 |